[Event "Livorno op 5th"]
[Site "Livorno"]
[Date "2009.06.28"]
[Round "5"]
[White "Giuntoli, Andrea"]
[Black "Mazzetta, Renato"]
[Result "1/2-1/2"]
[WhiteElo "1992"]
[BlackElo "1907"]
[PlyCount "52"]
[EventDate "2009.06.26"]
[EventType "swiss"]
[EventRounds "5"]
[EventCountry "ITA"]
[SourceTitle "EXT 2012"]
[Source "ChessBase"]
[SourceDate "2011.11.24"]
[SourceVersion "1"]
[SourceVersionDate "2011.11.24"]
[SourceQuality "1"]

1. e4 d5 2. exd5 Qxd5 3. Nc3 Qd6 4. d4 Nf6 5. Bc4 c6 6. Be3 Bf5 7. Nf3 e6 8. a4 Qc7 9. Qe2 Bd6 10. 0-0 0-0 11. h3 Nd5 12. Nh4 Nxe3 13. fxe3 Bg6 14. Nxg6 hxg6 15. Qg4 Nd7 16. Ne4 Rae8 17. Ng5 Nf6 18. Qe2 Nh5 19. Ne4 Bh2+ 20. Kh1 f5 21. g4 Ng3+ 22. Nxg3 Bxg3 23. Kg2 Bh4 24. Qf3 Kh7 25. Bd3 Kg8 26. Bc4 Kh7 1/2-1/2

[Event "Lodi op1 3rd"]
[Site "Livorno"]
[Date "2007.06.24"]
[Round "6"]
[White "Giuntoli, Andrea"]
[Black "Vrami, Ymer"]
[Result "1-0"]
[WhiteElo "2084"]
[BlackElo "1706"]
[PlyCount "63"]
[EventDate "2007.06.16"]
[EventType "swiss"]
[EventRounds "6"]
[EventCountry "ITA"]
[SourceTitle "EXT 2010"]
[Source "ChessBase"]
[SourceDate "2010.11.25"]
[SourceVersion "1"]
[SourceVersionDate "2010.11.25"]
[SourceQuality "1"]

1. e4 d6 2. d4 g6 3. Be3 Bg7 4. Bd3 Nf6 5. h3 b6 6. Ne2 0-0 7. Qd2 Nbd7 8. c3 Bb7 9. Ng3 e5 10. d5 Nc5 11. Bc2 Ba6 12. a4 h5 13. f3 h4 14. Ne2 Bxe2 15. Kxe2 Nh5 16. Kd1 Ng3 17. Rg1 f5 18. Bf2 f4 19. b4 Nb7 20. Bxg3 fxg3 21. Na3 Kh7 22. Nc4 Bh6 23. Ne3 a5 24. Ke2 axb4 25. cxb4 Qd7 26. Qd3 Bf4 27. Ra3 Rfc8 28. Rd1 c5 29. dxc6 Qxc6 30. Bb3 Bxe3 31. Kxe3 Qc3 32. Bg8+ 1-0

[Event "Lodi op1 3rd"]
[Site "Livorno"]
[Date "2007.06.23"]
[Round "4"]
[White "Giuntoli, Andrea"]
[Black "Gazzarri, Alberto"]
[Result "1/2-1/2"]
[WhiteElo "2084"]
[BlackElo "2096"]
[PlyCount "80"]
[EventDate "2007.06.16"]
[EventType "swiss"]
[EventRounds "6"]
[EventCountry "ITA"]
[SourceTitle "EXT 2010"]
[Source "ChessBase"]
[SourceDate "2010.11.25"]
[SourceVersion "1"]
[SourceVersionDate "2010.11.25"]
[SourceQuality "1"]

1. e4 e5 2. Nf3 Nc6 3. d4 exd4 4. Nxd4 Nf6 5. Nxc6 bxc6 6. Bd3 d5 7. Nc3 d4 8. Ne2 Bc5 9. Bg5 h6 10. Bh4 g5 11. Bg3 Qe7 12. 0-0 Be6 13. Be5 Bg4 14. Bxf6 Qxf6 15. f3 Bd7 16. Qd2 Bb6 17. f4 Rg8 18. Ng3 gxf4 19. Rxf4 Qg5 20. Raf1 Be6 21. Qe2 0-0-0 22. Kh1 Kb8 23. Bc4 Qc5 24. Bd3 Rg5 25. Nf5 Rdg8 26. g3 Rh8 27. Rh4 h5 28. g4 Rxg4 29. Rxg4 hxg4 30. Qxg4 Qe5 31. Qg3 Qa5 32. b3 Qd2 33. Qg2 Qb4 34. Qg7 Qf8 35. Qxf8+ Rxf8 36. Kg2 Rh8 37. Rh1 c5 38. h4 Ba5 39. Kf3 Bd2 40. h5 Kc8 1/2-1/2

[Event "Lodi op1 3rd"]
[Site "Livorno"]
[Date "2007.06.17"]
[Round "3"]
[White "Bardi, Massimo"]
[Black "Giuntoli, Andrea"]
[Result "1-0"]
[WhiteElo "2072"]
[BlackElo "2084"]
[PlyCount "69"]
[EventDate "2007.06.16"]
[EventType "swiss"]
[EventRounds "6"]
[EventCountry "ITA"]
[SourceTitle "EXT 2010"]
[Source "ChessBase"]
[SourceDate "2010.11.25"]
[SourceVersion "1"]
[SourceVersionDate "2010.11.25"]
[SourceQuality "1"]

1. e4 e5 2. Nc3 Nf6 3. f4 d5 4. fxe5 Nxe4 5. Nf3 Bg4 6. d4 Bb4 7. Qd3 Nc6 8. Be2 Bxc3+ 9. bxc3 Qe7 10. 0-0 0-0 11. a4 Rfe8 12. Ba3 Qd8 13. c4 Ng5 14. cxd5 Bxf3 15. Bxf3 Ne7 16. c4 Ng6 17. Bh5 Nh8 18. h4 g6 19. Bd1 Ne6 20. dxe6 fxe6 21. Qe4 b6 22. Bb3 Nf7 23. Qf4 Qd7 24. Rae1 c6 25. h5 Rad8 26. hxg6 hxg6 27. Re4 Nh8 28. Qg4 Qg7 29. Rf6 Rc8 30. Bd6 Rcd8 31. c5 bxc5 32. dxc5 Rd7 33. Bxe6+ Rxe6 34. Qxe6+ Rf7 35. Rh4 1-0